|
|
|
|
| LEADER |
00000nab#a22000007a#4500 |
| 001 |
arbauad011456 |
| 003 |
AR-BaUAD |
| 005 |
20250711111159.0 |
| 008 |
950526|||||||||###||||||b###|0###a|spa|| |
| 040 |
|
|
|a AR-BaUAD
|c AR-BaUAD
|b spa
|
| 245 |
1 |
0 |
|a David B. Gamble House, Pasadena, California, USA
|
| 300 |
0 |
|
|b fot., plantas
|
| 653 |
|
|
|a GREENE, CHARLES
|
| 653 |
|
|
|a GREENE, HENRY
|
| 653 |
|
|
|a GREENE-GREENE
|
| 653 |
|
|
|a CALIFORNIA
|
| 653 |
|
|
|a ESTADOS UNIDOS
|
| 653 |
|
|
|a VIVIENDAS UNIFAMILIARES
|
| 653 |
|
|
|a CASA DAVID GAMBLE
|
| 653 |
|
|
|a PASADENA
|
| 653 |
|
|
|a 1908
|
| 773 |
0 |
|
|t GA Document Special Issue
|g no. 2 (1981), p. 153-155
|
| 942 |
|
|
|c ARTI
|
| 952 |
|
|
|0 0
|1 0
|4 0
|7 0
|9 56376
|a AR-BAuAD
|b AR-BAuAD
|d 2025-07-11
|l 0
|p AAQA011456
|r 2025-07-11 11:11:59
|w 2025-07-11
|y ARTI
|
| 990 |
|
|
|a AQ198
|b TD
|
| 998 |
|
|
|a AAQ
|b BIBUN76
|
| 999 |
|
|
|c 36049
|d 36049
|